<?xml version="1.0" encoding="UTF-8"?>
<record
    xmlns:xsi="http://www.w3.org/2001/XMLSchema-instance"
    xsi:schemaLocation="http://www.loc.gov/MARC21/slim http://www.loc.gov/standards/marcxml/schema/MARC21slim.xsd"
    xmlns="http://www.loc.gov/MARC21/slim">

  <leader>00747nam a22001337a 4500</leader>
  <datafield tag="040" ind1=" " ind2=" ">
    <subfield code="c">RUA</subfield>
  </datafield>
  <datafield tag="082" ind1=" " ind2=" ">
    <subfield code="a">LMA NEA 2021  B1-498 Or.</subfield>
  </datafield>
  <datafield tag="100" ind1=" " ind2=" ">
    <subfield code="a">NEAK CHANTHOEUN &#x1793;&#x17B6;&#x1780;&#x17CB; &#x1785;&#x1793;&#x17D2;&#x1791;&#x1792;&#x17BF;&#x1793;</subfield>
  </datafield>
  <datafield tag="245" ind1=" " ind2=" ">
    <subfield code="a">STUDY ON SOLVING THE CONFLICT OUT OF SYSTEM COURT AT ROMENH COMMUNE, KOH ANDET DISTRICT, TAKEO PROVINCE &#x179F;&#x17B7;&#x1780;&#x17D2;&#x179F;&#x17B6;&#x1796;&#x17B8;&#x1780;&#x17B6;&#x179A;&#x178A;&#x17C4;&#x17C7;&#x179F;&#x17D2;&#x179A;&#x17B6;&#x1799;&#x179C;&#x17B7;&#x179C;&#x17B6;&#x1791;&#x178A;&#x17B8;&#x1792;&#x17D2;&#x179B;&#x17B8;&#x1780;&#x17D2;&#x179A;&#x17C5;&#x1794;&#x17D2;&#x179A;&#x1796;&#x17D0;&#x1793;&#x17D2;&#x1792;&#x178F;&#x17BB;&#x179B;&#x17B6;&#x1780;&#x17B6;&#x179A;&#x1793;&#x17C5;&#x1783;&#x17BB;&#x17C6;&#x179A;&#x1798;&#x17C1;&#x1789; &#x179F;&#x17D2;&#x179A;&#x17BB;&#x1780;&#x1780;&#x17C4;&#x17C7;&#x17A2;&#x178E;&#x17D2;&#x178F;&#x17C2;&#x178F; &#x1781;&#x17C1;&#x178F;&#x17D2;&#x178F;&#x178F;&#x17B6;&#x1780;&#x17C2;&#x179C; </subfield>
  </datafield>
  <datafield tag="260" ind1=" " ind2=" ">
    <subfield code="a">PHNOM PENH</subfield>
    <subfield code="b">RUA</subfield>
    <subfield code="c">2021</subfield>
  </datafield>
  <datafield tag="300" ind1=" " ind2=" ">
    <subfield code="a">VIII. 37P</subfield>
    <subfield code="b">VI.</subfield>
    <subfield code="c">29CM</subfield>
  </datafield>
  <datafield tag="856" ind1=" " ind2=" ">
    <subfield code="u">https://drive.google.com/file/d/1fUoZYRS0abNLS_FuFvdqne4V7xG36hhX/view?usp=sharing</subfield>
  </datafield>
  <datafield tag="942" ind1=" " ind2=" ">
    <subfield code="c">LMA</subfield>
  </datafield>
  <datafield tag="999" ind1=" " ind2=" ">
    <subfield code="c">23170</subfield>
    <subfield code="d">23170</subfield>
  </datafield>
  <datafield tag="952" ind1=" " ind2=" ">
    <subfield code="0">0</subfield>
    <subfield code="1">0</subfield>
    <subfield code="2">ddc</subfield>
    <subfield code="4">0</subfield>
    <subfield code="6">LMA_NEA_2021_000000000000000_B1498_OR</subfield>
    <subfield code="7">0</subfield>
    <subfield code="9">99391</subfield>
    <subfield code="a">LBB</subfield>
    <subfield code="b">LBB</subfield>
    <subfield code="c">B1.498</subfield>
    <subfield code="d">2024-06-19</subfield>
    <subfield code="l">1</subfield>
    <subfield code="o">LMA NEA 2021  B1-498 Or.</subfield>
    <subfield code="p">a077287</subfield>
    <subfield code="r">2025-03-18</subfield>
    <subfield code="s">2025-02-26</subfield>
    <subfield code="w">2024-06-19</subfield>
    <subfield code="y">LMA</subfield>
  </datafield>
  <datafield tag="952" ind1=" " ind2=" ">
    <subfield code="0">0</subfield>
    <subfield code="1">0</subfield>
    <subfield code="2">ddc</subfield>
    <subfield code="4">0</subfield>
    <subfield code="6">LMA_NEA_2021_000000000000000_B1498_OR</subfield>
    <subfield code="7">0</subfield>
    <subfield code="9">99392</subfield>
    <subfield code="a">LBB</subfield>
    <subfield code="b">LBB</subfield>
    <subfield code="c">B1.498</subfield>
    <subfield code="d">2024-06-19</subfield>
    <subfield code="l">2</subfield>
    <subfield code="o">LMA NEA 2021  B1-498 Or.</subfield>
    <subfield code="p">a077207</subfield>
    <subfield code="r">2025-11-29</subfield>
    <subfield code="s">2025-08-15</subfield>
    <subfield code="w">2024-06-19</subfield>
    <subfield code="y">LMA</subfield>
  </datafield>
  <datafield tag="952" ind1=" " ind2=" ">
    <subfield code="0">0</subfield>
    <subfield code="1">0</subfield>
    <subfield code="2">ddc</subfield>
    <subfield code="4">0</subfield>
    <subfield code="6">LMA_NEA_2021_000000000000000_B1498_OR</subfield>
    <subfield code="7">0</subfield>
    <subfield code="9">99393</subfield>
    <subfield code="a">LBB</subfield>
    <subfield code="b">LBB</subfield>
    <subfield code="c">B1.498</subfield>
    <subfield code="d">2024-06-19</subfield>
    <subfield code="l">2</subfield>
    <subfield code="o">LMA NEA 2021  B1-498 Or.</subfield>
    <subfield code="p">a077127</subfield>
    <subfield code="r">2025-06-12</subfield>
    <subfield code="s">2025-04-22</subfield>
    <subfield code="w">2024-06-19</subfield>
    <subfield code="y">LMA</subfield>
  </datafield>
  <datafield tag="952" ind1=" " ind2=" ">
    <subfield code="0">0</subfield>
    <subfield code="1">0</subfield>
    <subfield code="2">ddc</subfield>
    <subfield code="4">0</subfield>
    <subfield code="6">LMA_NEA_2021_000000000000000_B1498_OR</subfield>
    <subfield code="7">0</subfield>
    <subfield code="9">99394</subfield>
    <subfield code="a">LBB</subfield>
    <subfield code="b">LBB</subfield>
    <subfield code="c">B1.498</subfield>
    <subfield code="d">2024-06-19</subfield>
    <subfield code="l">3</subfield>
    <subfield code="o">LMA NEA 2021  B1-498 Or.</subfield>
    <subfield code="p">a076931</subfield>
    <subfield code="r">2025-08-01</subfield>
    <subfield code="s">2025-07-11</subfield>
    <subfield code="w">2024-06-19</subfield>
    <subfield code="y">LMA</subfield>
  </datafield>
</record>
